New TOEIC actual tests
Exercises and answer keys for New TOEIC
Đã lưu trong:
| Príomhúdar: | |
|---|---|
| Formáid: | Leabhar |
| Teanga: | Undetermined |
| Foilsithe: |
Thành phố Hồ Chí Minh
Tổng hợp
2014
|
| Ábhair: | |
| Clibeanna: |
Cuir Clib Leis
Gan Chlibeanna, Bí ar an gcéad duine leis an taifead seo a chlibeáil!
|
| Thư viện lưu trữ: | Trung tâm Học liệu Trường Đại học Cần Thơ |
|---|
| LEADER | 00674nam a2200217Ia 4500 | ||
|---|---|---|---|
| 001 | CTU_196893 | ||
| 008 | 210402s9999 xx 000 0 und d | ||
| 020 | |c 168000 | ||
| 082 | |a 428.0076 | ||
| 082 | |b J61/P.3-4 | ||
| 100 | |a Jin, Lee Sang | ||
| 245 | 0 | |a New TOEIC actual tests | |
| 245 | 0 | |c Lee Sang Jin, Kim Tae Woo, Jeon Hee Jung | |
| 260 | |a Thành phố Hồ Chí Minh | ||
| 260 | |b Tổng hợp | ||
| 260 | |c 2014 | ||
| 520 | |a Exercises and answer keys for New TOEIC | ||
| 650 | |a English language,Tiếng Anh | ||
| 650 | |x Examinations,Kỳ thi | ||
| 904 | |i Nguyên, Tuyến sửa | ||
| 980 | |a Trung tâm Học liệu Trường Đại học Cần Thơ | ||